000 00286nam a22001217a 4500
082 _a030
_bHAR/D
100 _aHARSHANANDA, SWAMI
245 _aA DICTIONARY OF ADVAITA VEDANTA
260 _aBANGALORE
_bRAMAKRISHNA MATH
_c1990
300 _a100
650 _aDICTIONARY
_zINDIA
942 _cBK
999 _c2094
_d2094